Encyclopedia of creativity
Αποθηκεύτηκε σε:
| Άλλοι συγγραφείς: | , |
|---|---|
| Μορφή: | Βιβλίο |
| Γλώσσα: | English |
| Δημοσίευση: |
San Diego, Calif. :
Academic Press,
c1999.
|
| Θέματα: | |
| Ετικέτες: |
Προσθήκη ετικέτας
Δεν υπάρχουν, Καταχωρήστε ετικέτα πρώτοι!
|
MARC
| LEADER | 00000cam a2200000 i 4500 | ||
|---|---|---|---|
| 001 | 1/14445 | ||
| 008 | 001204s1999 cau| ||| |||| ||eng|| | ||
| 020 | |a 0122270754 |q (set) | ||
| 020 | |a 0122270762 |q (τ. 1) | ||
| 020 | |a 0122270770 |q (τ. 2) | ||
| 035 | |l 10065001 | ||
| 040 | |a GR-MyUa |b gre |e AACR2 | ||
| 041 | 0 | |a eng | |
| 082 | 7 | |a 153.3503 |2 (22) | |
| 245 | 1 | 0 | |a Encyclopedia of creativity / |c editors-in-chief, Mark A. Runco, Steven R. Pritzker. |
| 260 | |a San Diego, Calif. : |b Academic Press, |c c1999. | ||
| 300 | |a 2 τ. : |b εικ. ; |c 29 εκ. | ||
| 504 | |a Περιλαμβάνει βιβλιογραφικές παραπομπές και ευρετήριο. | ||
| 505 | 8 | |a Τ. 1. A-H -- τ. 2. I-Z, Indexes. | |
| 650 | 0 | |a Creative ability |x Encyclopedias. | |
| 650 | 0 | |a Creation (Literary, artistic, etc.) |x Encyclopedias. | |
| 700 | 1 | |a Runco, Mark A. |e edt | |
| 700 | 1 | |a Pritzker, Steven R. |e edt | |
| 852 | |a INST |b SYROS |e 20001204 |h 153.3503 ENC |p 005500002252 |q 005500002252 |t BK |y 0 |z v.1 | ||
| 852 | |a INST |b SYROS |e 20001207 |h 153.3503 ENC |p 005500002253 |q 005500002253 |t BK |y 0 |z v.2 | ||
| 852 | |a INST |b SYROS |e 20001204 |h 153.3503 ENC |p 005500002252 |q 005500002252 |t BK |v τ.1: |y 0 |z v.1 | ||
| 852 | |a INST |b SYROS |e 20001207 |h 153.3503 ENC |p 005500002253 |q 005500002253 |t BK |v τ.2: |y 0 |z v.2 | ||
| 853 | |a INST |b SYROS |h 153.3503 ENC | ||
| 901 | |a BIBL5-2000-3 | ||
| 922 | |a 5ΕΛΗ |b 200010 |c Βιβλιοθήκη |d Μιχαλόπουλος | ||
| 950 | |a 188-2000-10-04 | ||
| 970 | |a Πουρνάρας |b Δημήτρης |z 07/12/2000 | ||